| 000 | 00817nam a22001937a 4500 | ||
|---|---|---|---|
| 003 | BDDh-ASL | ||
| 005 | 20231015031311.0 | ||
| 008 | 230405s1980 b ||||| |||| 00| 0 b d | ||
| 040 |
_aBDDh-ASL _cBDDh-ASL |
||
| 041 | _aben | ||
| 082 |
_a297.04 _bMUK |
||
| 245 | 1 | 0 | _aমুক্তির ডাক / |
| 246 | _aMuktir Dak (the call for emancipation) edited by Mohammad Azraf. | ||
| 260 |
_aফরিদপুর: _bইসাকেফ প্রকাশনা, _c1980. |
||
| 300 |
_a95 p. : _c22 cm. |
||
| 650 | 0 |
_aধর্মীয় সাম্প্রদায়িকতা, সাম্প্রদায়িকতা, Dharmīẏa sāmpradāẏikatā, sāmpradāẏikatā, Religious sectarianism, ূectarianism _9710 |
|
| 700 | 1 |
_aআজরফ, মোহম্মদ _97880 |
|
| 942 |
_2ddc _cBK |
||
| 999 |
_c31683 _d31683 |
||